LEADER 01228nam a2200301 u 4500 001 000000044943 003 CaOOAMICUS 005 20070226114615.0 008 990513s1998 enk u000 u eng u 020 $a0521422116 035 $a10823123 040 $aPUL(R)$bita$dPUL(R) 245 04$aThe Cambridge companion to Mill /$cedited by John Skorupski. 260 $aCambridge :$bUniversity Press,$cc1998. 300 $axi, 591 p. ;$c23 cm 490 1 $aThe Cambridge companion 500 $aInclude indici. 504 $aBibliografia p. [544]-570. 600 14$aMill, John Stuart,$d1806-1873$xCritica e interpretazione.$0(OLS)http://pul/subject/19413 700 1 $aSkorupski, John.$0(OLS)http://pul/name/32777 830 4$aThe Cambridge companion.$0(OLS)http://pul/title/60427 850 $aPUL 852 $aPUL$W1$xSL Filosofia 2$y80$mPhil A8 18$j60424$nBK-PRI$b $qStampati altre collocazioni$B60424$CPULBib$Z2$F60424 $H $81 941 1 $a10 961 $aINV: 79710 996 $6020$a0521422116$9(OLS)http://pul/number/56076 996 $6245$aThe Cambridge companion to Mill$9(OLS)http://pul/title/60610 996 $6260$aCambridge :$bUniversity Press$9(OLS)http://pul/publisher/49564 LEADER 01396nam a2200313 a 4500 001 000000172769 003 CaOOAMICUS 005 20191012121908.0 008 191010s2019 it f frm z000 u fre r 020 $a978-88-7653-706-6* 032 $aLibriCat 040 $aPUL$bita 100 1 $aNyekumbo, Dangbe Hyacinthe.$0(OLS)http://pul/name/110960 245 10$aDu droit à la charité : analyse exégétique de 1 Co 8 / $cHyacinthe Dangbe Nyekumbo. 260 $aRoma :$bGregorian & Biblical Press,$c©2018. 300 $a254 p.; $c21 cm 490 1 $aAnalecta biblica ;$v221 502 $aTesi di Dottorato in Teologia Biblica-- Pontificio Istituto Biblico, 2018. 504 $aBibliografia p.: [229]-240. 630 04$aBiblia.$pN.T.$pAd Corinthios$xCritica e interpretazione.$0(OLS)http://pul/subject/25980 710 2 $aPontificio istituto biblico.$kTesi.$0(OLS)http://pul/name/85533 830 0$aAnalecta biblica ;$v221.$0(OLS)http://pul/title/100 850 $aPUL 852 $aPUL$W1$xDP1 Tesi Pon. Ist. Biblico$y33$m2018 B 1$j191260$qTesi$B201495$CPULBib$Z2$F201495 $82 941 1 $a16 996 $6020$a978-88-7653-706-6*$9(OLS)http://pul/number/166821 996 $6245$aDu droit à la charité : analyse exégétique de 1 Co 8 / $9(OLS)http://pul/title/213785 996 $6260$aRoma :$bGregorian & Biblical Press$9(OLS)http://pul/publisher/81048